000 00701cam a2200205 4500
001 D8380
008 090401t1959 xxu||||| |||| 00| 0 eng d
035 _a(Sirsi) u12577
041 _aeng
050 _a692.8
110 _aRoyal Institute of British Architects
_92527
245 _aFixed form of prime cost contract for use in the repair of war-damaged property issued under the sanction of the Royal Institute of British Architects, the National Federation of Building Trades Employers and the Royal Institution of Chartered Surveyors
250 _aRev
260 _aLondon
_bRIBA
_c1959
300 _a10p. 33cm
350 _a0
520 _aCover title
942 _n0
948 _c04/03/1997
999 _c87010
_d87010